000 004660000a22001810004500
003 MACL
005 20151025131507.0
008 151025b xxu||||| |||| 00| 0 eng d
040 _aMACL
_cMACL
041 _aEnglish
082 _a934
100 _aSurendranath, Dasgupta
_916705
245 _aNatural Science of the Ancient Hindus
260 _bMotilal Banarsidass Publishers
_c1987
_aNew Delhi
350 _a50
650 _aHistory
_916706
942 _cBK
_k934
_2ddc
999 _c6421
_d6421